| 000 | 00389cam a22001337a 4500 | ||
|---|---|---|---|
| 008 | 180718b1992 xxu||||| |||| 00| 0 eng d | ||
| 082 | _aT19 L579 | ||
| 100 | _aLevine, Ross | ||
| 245 |
_aFinancial structures and economic development _cby Ross Levine |
||
| 260 |
_aWashington, D.C. _bIBRD _c1992 |
||
| 300 | _a39p. | ||
| 440 | _aIBRD Working Papers: WPS 849 | ||
| 650 | _aEconomic Development | ||
| 999 |
_c226801 _d226801 |
||